Pozitívne ratingové hodnotenia Slovenska ponúkajú príležitosť aj pre veľké slovenské podniky

Ratingové agentúry a ich činnosť. Ratingové agentúry vo svete. Rating Slovenska. Rating na podnikovej úrovni. Proces hodnotenia. Hodnotiace kritériá ratingu. Rating aj pre slovenské podniky.

Salvato in:
Dettagli Bibliografici
Autore principale: Sestrienková, J.
Natura: Capitolo di libro
Lingua:slovacco
Soggetti:
Tags: Aggiungi Tag
Nessun Tag, puoi essere il primo ad aggiungerne!!

MARC

LEADER 00000naa a2200000 4500
001 r018261
005 20221205103051.3
041 0 |a slo 
044 |a SK 
245 1 0 |a Pozitívne ratingové hodnotenia Slovenska ponúkajú príležitosť aj pre veľké slovenské podniky  |c J. Sestrienková 
520 |a Ratingové agentúry a ich činnosť. Ratingové agentúry vo svete. Rating Slovenska. Rating na podnikovej úrovni. Proces hodnotenia. Hodnotiace kritériá ratingu. Rating aj pre slovenské podniky. 
610 2 0 |a rating 
610 2 0 |a podnik 
610 2 0 |a Slovensko 
610 2 0 |a svet 
100 1 |a Sestrienková, J.